000 01010nam a22002417a 4500
999 _c10142
_d10142
003 AR-CdUCM
008 190329b ||||| |||| 00| 0 spa d
040 _aMUNICIPALIDAD PROVINCIAL DEL CUSCO
_cBIBLIOTECA MUNICIPAL DEL CUSCO
082 _a869.44 /
_bC8 / 1976
110 _aUniversidad Boliviana Tomás Fría
_926820
245 _aCuentos:
_b: Un viernes de Miguelito ; En el centro del círculo sueño /
_cAda Castellanos de Rios; René B. Arrueta S.
260 _aPotosí :
300 _a28 páginas ;
_bilustraciones;
_c18 cm.
500 _aDonación de la sala Nieto. Publicación literaria del sur andino.
505 _aContenido: Un viernes de Miguelito (Primer premio) -- En el centro del círculo sueño (segundo premio)
650 _aCuentos - Bolivia
_926821
650 _aCuentos premiados
_926822
650 _aCuentos contemporáneos bolivianos
_926823
700 _aCastellanos de Rios, Ada
_926824
700 _aArrueta S., René B
_926825
942 _2ddc
_cLIBROS
945 _alccs